000 00498nam a22001817a 4500
005 20241029162833.0
008 241029b |||||||| |||| 00| 0 eng d
020 _a9780323039031
050 _aRB38.2.
_bP34 PAG
100 _aPagana, Kathleen Deska
245 _aMosby's manual of Diagnostic and Laborratory Tests
250 _a3rd
260 _aUSA
_bMosby Elsevier Inc.
_cc2006
300 _axi, 1267p.:
_bill.:
500 _aIncludes Index
700 _aPagana, J. Timothy
942 _2lcc
_cBK
_n0
999 _c346
_d346